Welcome to CU Library Online Public Access Catalogue (OPAC)

Hollington on shareholders' rights / (Record no. 208)

MARC details
000 -LEADER
fixed length control field 00775cam a2200217 i 4500
001 - CONTROL NUMBER
control field 19416974
005 - DATE AND TIME OF LATEST TRANSACTION
control field 20241025163735.0
008 - FIXED-LENGTH DATA ELEMENTS--GENERAL INFORMATION
fixed length control field 161223s2017 enk b 001 0 eng
020 ## - INTERNATIONAL STANDARD BOOK NUMBER
International Standard Book Number 9780414056237 (hbk)
050 00 - LIBRARY OF CONGRESS CALL NUMBER
Classification number KD2100
Item number .H65 2017
100 1# - MAIN ENTRY--PERSONAL NAME
Personal name Hollington, Robin,
Relator term author.
245 10 - TITLE STATEMENT
Title Hollington on shareholders' rights /
Statement of responsibility, etc. Robin Hollington, Q.C., M.A. (Oxon.), LL.M. (Penn.), Bencher of Lincoln's Inn.
250 ## - EDITION STATEMENT
Edition statement Eighth edition.
260 ## - PUBLICATION, DISTRIBUTION, ETC.
Place of publication, distribution, etc. London
Name of publisher, distributor, etc. Sweet & Maxwell
Date of publication, distribution, etc. 2017
300 ## - PHYSICAL DESCRIPTION
Extent li, 406 pages ;
Dimensions 24 cm
Other physical details Index
650 #0 - SUBJECT ADDED ENTRY--TOPICAL TERM
Topical term or geographic name entry element Stockholders
General subdivision Legal status, laws, etc.
Geographic subdivision England.
650 #0 - SUBJECT ADDED ENTRY--TOPICAL TERM
Topical term or geographic name entry element Stockholders' derivative actions
Geographic subdivision England.
650 #0 - SUBJECT ADDED ENTRY--TOPICAL TERM
Topical term or geographic name entry element Remedies (Law)
Geographic subdivision England.
700 1# - ADDED ENTRY--PERSONAL NAME
Personal name Hollington, Robin.
Title of a work Shareholders' rights.
942 ## - ADDED ENTRY ELEMENTS (KOHA)
Source of classification or shelving scheme Library of Congress Classification
Koha item type Books
Suppress in OPAC No
999 ## -
-- 208
-- 208
Holdings
Withdrawn status Lost status Source of classification or shelving scheme Damaged status Not for loan Home library Current library Shelving location Date acquired Total checkouts Full call number Barcode Date last seen Price effective from Koha item type Collection Copy number
    Library of Congress Classification     Law Library (Kumasi) Law Library (Kumasi) General stacks 05/03/2025   KD 2100 Hol LLK00000103 05/03/2025 05/03/2025 Books Non-fiction 2
    Library of Congress Classification     Law Library Annex (Miotso) Law Library Annex (Miotso) General stacks 10/25/2024   KD2100 HOL LLM00000125 10/25/2024 10/25/2024 Books    
© 2023-2024 Copyright: Central University Libraries. All Rights Reserved | Created by: Mahone Tech Office